000 00437nam a2200169 a 4500
005 20140310183203.0
008 030124s19uu xx 00 eng d
020 _a0446359866
050 _aPS 3570.U754
_b.T956 1988
100 _aTurow, Scott
245 _aPresumed innocent /
_cScott Turow.
260 _aNew York ;
_bWarner Books,
_c1988.
300 _a421 p. :
_c17 cm.
650 _aFiction
942 _cBK
_2lcc
999 _c19904
_d19904